000 00892nam a2200289 i 4500
003 EG-GICUC
005 20260425153702.0
008 260425s1964 ne ||||fr|||| 000 0 eng d
040 _aEG-GiCUC
_beng
_cEG-GiCUC
_dEG-GiCUC
_eRda
082 0 4 _221
_a341
_bBO . R
092 0 4 _221
099 _aLaw1 11 341 BO . R 1964
100 1 _aBouchez, Leo J
_eAuthor.
245 1 4 _aThe Regime of Bays in International Law /
_b
_cLeo J. Bouchez.
_n
264 1 _aleyden :
_bA. W. Sythoff,
_c1964.
300 _a330page :
_billustration ;
_c 24 cm.
336 _2rda contenu
_a texte
337 _2rda medias
_aOrdinateur
338 _2 transporteur rda
_a Ressource en ligne
504 _a
546 _aText in English
650 1 4 _aPublic international law
_2
651 1 _2
856 4 0 _uhttps://fll.law.cu.edu.eg/fulltext/bks/B11-10011.pdf
905 _a50
942 _2ddc
_cBK
_e21
_n0
999 _c73342
_d73342